|
|
|
|
| LEADER |
00000nab a2200000 a 4500 |
| 001 |
vtls010708150 |
| 003 |
SK-MaSNL |
| 005 |
20260304192357.0 |
| 008 |
250709s xo |||||||||||||||||slo| |
| 035 |
|
|
|a (urnnbn)urn:nbn:sk:snk:ar-a0433f
|
| 035 |
|
|
|a (uuid)8cba71f8-420a-4d94-af36-27b410c459f0
|
| 035 |
|
|
|a urn:nbn:sk:snk-ab3c2l
|
| 040 |
|
|
|a SNKBUCL
|b slo
|c SNKBUCL
|e AACR2
|
| 041 |
0 |
|
|a slo
|
| 044 |
|
|
|a xo
|c SK
|
| 100 |
1 |
|
|a Z. K.
|4 aut
|9 665736
|
| 245 |
1 |
0 |
|a Jozef Tůma
|c Z. K.
|
| 773 |
0 |
|
|t Národná škola slovenská : orgán Slovenskej obce učiteľskej
|g Roč. 11, č. 18 (1932-1933), s. [360]
|
| 850 |
|
|
|a Slovenská národná knižnica
|
| 852 |
|
|
|a Slovenská národná knižnica
|
| 954 |
|
|
|a odborná, vedecká literatúra pôvodná (slovenská)
|2 lita
|
| 958 |
|
|
|a article1
|
| 958 |
|
|
|a OND
|
| 958 |
|
|
|a EUIPO
|
| 999 |
|
|
|c 3061313
|d 3063243
|